LEADER 01940nam0 22004573i 450 001 VAN00248744 005 20250604034059.578 017 70$2N$a9783030558970 100 $a20220729d2020 |0itac50 ba 101 $aeng 102 $aCH 105 $a|||| ||||| 200 1 $aBayesian Compendium$fMarcel van Oijen 210 $aCham$cSpringer$d2020 215 $axiv, 204 p.$cill.$d24 cm 500 1$3VAN00248745$aBayesian Compendium$92377961 606 $a62-XX$xStatistics [MSC 2020]$3VANC022998$2MF 606 $a62A01$xFoundations and philosophical topics in statistics [MSC 2020]$3VANC036753$2MF 606 $a62F15$xBayesian inference [MSC 2020]$3VANC024528$2MF 606 $a62M20$xInference from stochastic processes and prediction; filtering [MSC 2020]$3VANC033691$2MF 606 $a62R07$xStatistical aspects of big data and data science [MSC 2020]$3VANC026514$2MF 610 $aBayesian methods$9KW:K 610 $aData Assimilation$9KW:K 610 $aGoodness-of-fit test$9KW:K 610 $aGraphical Modelling$9KW:K 610 $aLinear modelling$9KW:K 610 $aMSE-decomposition$9KW:K 610 $aMultidimensionality$9KW:K 610 $aRisk analysis$9KW:K 610 $aSampling from the posterior$9KW:K 620 $aCH$dCham$3VANL001889 700 1$aOijen$bMarcel van$3VANV203561$01016394 712 $aSpringer $3VANV108073$4650 801 $aIT$bSOL$c20250606$gRICA 856 4 $uhttp://doi.org/10.1007/978-3-030-55897-0$zE-book ? Accesso al full-text attraverso riconoscimento IP di Ateneo, proxy e/o Shibboleth 899 $aBIBLIOTECA DEL DIPARTIMENTO DI MATEMATICA E FISICA$1IT-CE0120$2VAN08 912 $fN 912 $aVAN00248744 950 $aBIBLIOTECA DEL DIPARTIMENTO DI MATEMATICA E FISICA$d08DLOAD e-book 4577 $e08eMF4577 20220729 996 $aBayesian compendium$92377961 997 $aUNICAMPANIA